000 01130cam a2200265 a 4500
005 20131029102817.0
008 020503s2002 enkab sb 101 0 eng
020 _z9280810693
041 0 _aeng
080 _a304
245 0 0 _aHuman development and the environment
_cedited by Hans van Ginkel ... [et al.].
260 _aTokyo ;
_a[Great Britain] :
_bUnited Nations University Press,
_cc2002.
300 _aix, 313 p. :
_bill., maps ;
_c24 cm.
490 1 _aUNU millennium series
500 _aProceedings of a United Nations University conference entitled "On the Threshold of the New Millennium", held in Tokyo on 19-21 January 2000 - p. 1.
504 _aIncludes bibliographical references and index.
650 0 _aEkologjia humane
_vKongreset
650 0 _aProblemet sociale
_vKongreset
655 7 _aElectronic books.
700 1 _aGinkel, J. A. van.
710 2 _aebrary, Inc.
830 0 _aUNU millennium series.
856 4 0 _uhttp://www.columbia.edu/cgi-bin/cul/resolve?clio5381974
_zClick here for full text.
942 _2udc
_cBK
999 _c206
_d206